Primer Festival Iberoamericano de Teatro de Cádiz /
Tallennettuna:
| Päätekijä: | |
|---|---|
| Aineistotyyppi: | Tuntematon |
| Kieli: | Spanish |
| Aiheet: | |
| Tagit: |
Lisää tagi
Ei tageja, Lisää ensimmäinen tagi!
|
MARC
| LEADER | 000000000a22000000004500 | ||
|---|---|---|---|
| 001 | 006486 | ||
| 041 | 0 | |a spa | |
| 100 | 1 | |a Reverte Bernal, Concepción | |
| 245 | 1 | 0 | |a Primer Festival Iberoamericano de Teatro de Cádiz / |c Concepción Reverte Bernal. |
| 650 | 4 | |a TEATRO ESPAÑOL | |
| 773 | 0 | |d Estados Unidos : Center of Latin American Studies, University of Kansas |t Latin American Theatre Review |g (1985), páginas 91-98 | |
| 942 | |c ARC | ||
| 999 | |c 12902 |d 12902 | ||
